[Event "2nd SCS Open"]
[Site "Bhubaneswar IND"]
[Date "2010.05.22"]
[Round "1"]
[White "Majumdar,C"]
[Black "Turov,M"]
[Result "0-1"]
[WhiteElo "2057"]
[BlackElo "2624"]
[EventDate "2010.05.22"]

1. e4 c6 2. d4 d5 3. e5 Bf5 4. Nf3 e6 5. Be2 Bb4+ 6. c3 Ba5 7. Be3 Nd7 8.
Nbd2 Bc7 9. Nf1 Bg6 10. Ng3 f6 11. Bf4 Nh6 12. Qd2 Nf7 13. exf6 gxf6 14.
Bxc7 Qxc7 15. Nh4 O-O-O 16. f4 Be4 17. Nxe4 dxe4 18. Bc4 Rhe8 19. f5 Nde5
20. Be2 Nd3+ 21. Bxd3 exd3 22. O-O e5 23. Qxd3 exd4 24. cxd4 Ne5 25. Qd2
Nc4 26. Qc3 Qb6 27. Nf3 Ne3 28. Rfe1 Nxf5 29. Rxe8 Rxe8 30. Re1 Rd8 31. Re4
Qb5 32. Kf2 Qd5 33. Rf4 Nd6 34. Nd2 f5 35. b3 Rg8 36. Qf3 Qa5 37. Qd3 Qxa2
38. g3 Ne4+ 39. Ke1 Nxd2 40. Qxf5+ Kb8 41. Qe5+ Ka8 42. Rf2 a6 43. Rxd2
Qb1+ 44. Kf2 Rf8+ 45. Ke3 Qxb3+ 46. Rd3 Qf7 47. Kd2 Qa2+ 48. Ke3 Qf2+ 0-1

[Event "2nd SCS Open"]
[Site "Bhubaneswar IND"]
[Date "2010.05.22"]
[Round "1"]
[White "Priyanka,K"]
[Black "Kokarev,Dm"]
[Result "0-1"]
[WhiteElo "2053"]
[BlackElo "2612"]
[EventDate "2010.05.22"]

1. e4 c5 2. Nf3 d6 3. d4 cxd4 4. Nxd4 Nf6 5. Nc3 a6 6. Bg5 e6 7. f4 h6 8.
Bh4 Be7 9. Qf3 Nbd7 10. O-O-O Qc7 11. Bf2 b5 12. a3 Bb7 13. Bd3 Nc5 14. Kb1
d5 15. e5 Nfe4 16. Bxe4 Nxe4 17. Nxe4 dxe4 18. Qg3 O-O-O 19. Qxg7 Rdf8 20.
Qg4 Kb8 21. Qe2 Rc8 22. f5 Bd5 23. f6 Bc5 24. c3 Rhg8 25. Rhg1 Ka8 26. a4
Qa5 27. axb5 Qa2+ 28. Kc1 Ba3 29. Qc2 Qa1+ 30. Kd2 Qxb2 31. Rb1 Qxc2+ 32.
Nxc2 Bc5 33. Nd4 a5 34. Be3 Kb7 35. b6 Bc4 36. Bxh6 Rh8 37. Bf4 a4 38. h3
a3 39. Rge1 a2 40. Ra1 Rcg8 41. Rg1 Ra8 42. Rge1 Kxb6 43. Rxe4 Rag8 44. g3
Rxh3 45. Ne2 Rd8+ 0-1

[Event "2nd SCS Open"]
[Site "Bhubaneswar IND"]
[Date "2010.05.22"]
[Round "1"]
[White "Vorobiov,E"]
[Black "Aubhropratim,M"]
[Result "1-0"]
[WhiteElo "2612"]
[BlackElo "2052"]
[EventDate "2010.05.22"]

1. Nf3 Nf6 2. d4 g6 3. c4 Bg7 4. g3 O-O 5. Bg2 d6 6. O-O Nbd7 7. Nc3 e5 8.
e3 Re8 9. a4 Qe7 10. a5 a6 11. b3 h5 12. Ba3 Nh7 13. dxe5 Nxe5 14. Nxe5
Bxe5 15. Nd5 Qd8 16. Rc1 Nf6 17. Qc2 Nd7 18. Nf4 Kg7 19. Rfd1 c6 20. Bb4
Qc7 21. Nd3 Bf6 22. Qd2 Ne5 23. Nxe5 dxe5 24. Bd6 Qd8 25. Qb4 Kh7 26. Bxe5
Qe7 27. Bd6 Qe6 28. Bc5 Bb2 29. Rb1 Be5 30. f4 Bc7 31. e4 Qf6 32. Bd4 Qe7
33. Bc5 Qf6 34. Bd6 Bd8 35. Be5 Qe7 36. c5 Bg4 37. Rd2 f6 38. Bd6 Qf7 39.
Qc3 Be6 40. b4 f5 41. Be5 Be7 42. Rbd1 Rad8 43. Rd4 Rg8 44. Qe3 Rxd4 45.
Rxd4 Rd8 46. Bd6 Bf6 47. Rd2 Re8 48. e5 Bc4 49. Bf3 Bg7 50. h3 Bh6 51. Rd4
Be6 52. Qd3 Rc8 53. Kf2 Kg7 54. Qc3 Kh7 55. Be2 Kg8 56. Bd3 Kg7 57. Ke2 Kg8
58. Kd2 Kg7 59. Kc2 Rh8 60. Kb2 Ra8 61. Bc2 Kg8 62. Rd1 Kg7 63. Rf1 Kg8 64.
Rg1 Kg7 65. g4 hxg4 66. hxg4 fxg4 67. Rxg4 Bxf4 68. Rxg6+ Qxg6 69. Bxg6
Kxg6 70. Qc2+ Kg7 71. Qg2+ Kh6 72. Qh1+ Kg7 73. Qh4 1-0

[Event "2nd SCS Open"]
[Site "Bhubaneswar IND"]
[Date "2010.05.22"]
[Round "1"]
[White "Kalshyan,A"]
[Black "Aleksandrov,A"]
[Result "0-1"]
[WhiteElo "2043"]
[BlackElo "2604"]
[EventDate "2010.05.22"]

1. e4 e5 2. Nf3 Nc6 3. Bb5 a6 4. Bxc6 dxc6 5. O-O f6 6. d4 exd4 7. Qxd4
Qxd4 8. Nxd4 c5 9. Nf3 Bg4 10. Nbd2 O-O-O 11. h3 Bh5 12. Nc4 Ne7 13. Bf4
Nc6 14. c3 Bg6 15. Rfe1 b5 16. Ncd2 c4 17. a4 Bc5 18. axb5 axb5 19. b3 cxb3
20. Nxb3 Bb6 21. Nfd4 Nxd4 22. Nxd4 Rhe8 23. Nxb5 Rxe4 24. Ra8+ Kb7 25.
Rxe4 Rd1+ 26. Kh2 Bxe4 27. Rg8 Rd7 28. Re8 Bc6 29. c4 Bxf2 30. Re2 Bb6 31.
Rb2 Bxb5 32. cxb5 g5 33. Bg3 f5 34. Be5 Rd5 35. Bf6 f4 36. Rb3 h5 37. g3
Rf5 38. gxf4 Rxf6 39. fxg5 Rf5 40. h4 Rf4 41. Kh3 Bf2 42. Kg2 Bxh4 43. Rh3
Bxg5 44. Rxh5 Rf5 45. Kh3 Rxb5 46. Kg4 Kc6 0-1

[Event "2nd SCS Open"]
[Site "Bhubaneswar IND"]
[Date "2010.05.22"]
[Round "1"]
[White "Bocharov,D"]
[Black "Roop,S"]
[Result "1-0"]
[WhiteElo "2592"]
[BlackElo "2043"]
[EventDate "2010.05.22"]

1. d4 d5 2. c4 c6 3. Nf3 Nf6 4. Nc3 e6 5. Bg5 Nbd7 6. cxd5 exd5 7. e3 Be7
8. Qc2 O-O 9. Bd3 Re8 10. h3 Ne4 11. Bxe4 dxe4 12. Bxe7 Qxe7 13. Nd2 Nb6
14. Qxe4 Be6 15. O-O Rad8 16. Rad1 Qf6 17. Qf3 Qg6 18. Nde4 Bxa2 19. Nc5
Bc4 20. Rfe1 Re7 21. e4 Rde8 22. b3 Be6 23. d5 cxd5 24. exd5 Bd7 25. Rxe7
Rxe7 26. d6 Re5 27. Nxd7 Nxd7 28. Qxb7 Qe6 29. Qc8+ Qe8 30. Qxe8+ Rxe8 31.
Ra1 Re6 32. Nb5 f6 33. Rxa7 Re5 34. Rxd7 Rxb5 35. Rc7 Kf8 36. Rc8+ 1-0

[Event "2nd SCS Open"]
[Site "Bhubaneswar IND"]
[Date "2010.05.22"]
[Round "1"]
[White "Dilip,D"]
[Black "Lafuente,P"]
[Result "0-1"]
[WhiteElo "2039"]
[BlackElo "2587"]
[EventDate "2010.05.22"]

1. e4 c6 2. d4 d5 3. Nc3 dxe4 4. Nxe4 Bf5 5. Ng3 Bg6 6. Nf3 Nd7 7. h4 h6 8.
h5 Bh7 9. Bd3 Bxd3 10. Qxd3 e6 11. Be3 Ngf6 12. O-O-O Qa5 13. Kb1 Bd6 14.
Nd2 Bxg3 15. fxg3 O-O 16. Qe2 Nd5 17. Nb3 Qb6 18. c4 Nxe3 19. Qxe3 Qb4 20.
Rc1 Rfe8 21. g4 Qe7 22. Nd2 e5 23. Rce1 Nf6 24. Qxe5 Qxe5 25. dxe5 Nxg4 26.
Nf3 Nf2 27. Rhf1 Nd3 28. Re3 Rad8 29. Kc2 Nf4 30. g4 c5 31. Re4 Ne6 32. b3
Kf8 33. Nh4 Rd4 34. Rfe1 Red8 35. Nf3 Rd3 36. R1e3 Rd1 37. Re1 Nd4+ 38.
Nxd4 Rxe1 39. Ne6+ Ke7 40. Rxe1 Kxe6 41. Rg1 Rd4 42. g5 Kxe5 43. gxh6 gxh6
44. Rg7 Rf4 45. Kd3 Rf3+ 46. Ke2 Rf5 47. Rh7 Rf6 48. Ke3 Kf5 49. Rg7 Re6+
50. Kf3 Re7 51. Rg8 Kf6 52. Kf4 Re2 0-1

[Event "2nd SCS Open"]
[Site "Bhubaneswar IND"]
[Date "2010.05.22"]
[Round "1"]
[White "Maletin,P"]
[Black "Shinde,M"]
[Result "1-0"]
[WhiteElo "2584"]
[BlackElo "2017"]
[EventDate "2010.05.22"]

1. d4 Nf6 2. c4 g6 3. Nf3 Bg7 4. g3 O-O 5. Bg2 d6 6. O-O Na6 7. Nc3 c5 8.
h3 cxd4 9. Nxd4 Nc5 10. e4 a6 11. Be3 Bd7 12. Qe2 Rb8 13. Rac1 e5 14. Nc2
Bc6 15. Bd2 a5 16. Na3 Ne6 17. Nab5 Nd4 18. Qd3 Nd7 19. Be3 Nc5 20. Qd2
Nce6 21. Bxd4 Nxd4 22. Nxd4 exd4 23. Ne2 Qb6 24. Nf4 Rbe8 25. Rfe1 Re7 26.
Nd3 Rfe8 27. Qf4 Be5 28. Qh4 Bg7 29. Kh2 Qd8 30. b3 Re6 31. Qxd8 Rxd8 32.
c5 dxc5 33. Rxc5 b6 34. Rcc1 Bb5 35. Bf1 Rc6 36. a4 Rxc1 37. Rxc1 Bxd3 38.
Bxd3 Bf8 39. Rc7 Bd6 40. Rb7 Bc5 41. Kg2 Re8 42. f4 Re7 43. Rb8+ Kg7 44.
Kf3 h5 45. Rd8 Re6 46. e5 Re7 47. Bc4 Rc7 48. g4 hxg4+ 49. hxg4 Re7 50. Ke4
Rc7 51. f5 Kh7 52. f6 Kh6 53. Kf4 Kh7 54. g5 Ba3 55. e6 fxe6 56. Bxe6 d3
57. Bg8+ Kh8 58. Bc4+ Kh7 59. Rxd3 1-0

[Event "2nd SCS Open"]
[Site "Bhubaneswar IND"]
[Date "2010.05.22"]
[Round "1"]
[White "Nayak,B"]
[Black "Fier,A"]
[Result "0-1"]
[WhiteElo "2014"]
[BlackElo "2581"]
[EventDate "2010.05.22"]

1. e4 c5 2. Nf3 d6 3. d4 cxd4 4. Nxd4 Nf6 5. Nc3 e6 6. Be2 Be7 7. Be3 O-O
8. O-O Nc6 9. f4 Bd7 10. Nb3 a5 11. a4 Nb4 12. Bd3 Bc6 13. Nd4 Nd7 14. Qh5
g6 15. Qh3 Bf6 16. Rad1 Nxd3 17. Rxd3 Qc8 18. Ndb5 Bxb5 19. Nxb5 Qxc2 20.
Rxd6 Rad8 21. f5 Qxe4 22. fxe6 fxe6 23. b3 Be5 24. Qxe6+ Kh8 25. Re1 Rde8
26. Qd5 Bxh2+ 27. Kh1 Qxd5 28. Rxd5 Nf6 29. Rdd1 Bg3 30. Re2 Re4 31. Rd4
Re5 32. Rdd2 Rh5+ 33. Kg1 Bh2+ 34. Kh1 Ng4 35. Bd4+ Be5+ 36. Kg1 Bxd4+ 0-1

[Event "2nd SCS Open"]
[Site "Bhubaneswar IND"]
[Date "2010.05.22"]
[Round "1"]
[White "Hera,I"]
[Black "Goura,H"]
[Result "1-0"]
[WhiteElo "2558"]
[BlackElo "2011"]
[EventDate "2010.05.22"]

1. Nf3 Nf6 2. c4 c5 3. Nc3 Nc6 4. g3 g6 5. Bg2 Bg7 6. O-O O-O 7. d4 cxd4 8.
Nxd4 Nxd4 9. Qxd4 d6 10. Qd3 Qa5 11. Bd2 Qh5 12. b3 Bf5 13. e4 Bh3 14. f3
Bxg2 15. Kxg2 a6 16. Rac1 Rac8 17. Rc2 Rc7 18. Rfc1 Rfc8 19. Nd5 Nxd5 20.
cxd5 Rxc2 21. Rxc2 Rxc2 22. Qxc2 h6 23. Qc8+ Kh7 24. Qxb7 Qe5 25. Qxa6 Qb2
26. Qd3 Qxa2 27. h4 h5 28. f4 Qb2 29. b4 Bd4 30. Kf1 Qa1+ 31. Be1 Qb2 32.
Bd2 Qa1+ 33. Ke2 Qb2 34. Qc4 Bb6 35. e5 dxe5 36. d6 e6 37. d7 exf4 38. Qxf4
Kg7 39. Qd6 Bd8 40. Qb8 Qf6 41. Qf4 Qb2 42. Kd3 e5 43. Qc4 Qb1+ 44. Kc3
Qa1+ 45. Kd3 Qb1+ 46. Ke2 Qf5 47. Qd5 Qg4+ 48. Kf2 Qf5+ 49. Kg2 Bb6 50. Be3
Qc2+ 51. Kh3 Qf5+ 52. Kh2 Qc2+ 53. Bd2 Qc7 54. b5 f6 55. Be3 Qc2+ 56. Qg2
Qd3 57. Bxb6 Qxd7 58. Qb2 Qg4 59. Bf2 1-0

[Event "2nd SCS Open"]
[Site "Bhubaneswar IND"]
[Date "2010.05.22"]
[Round "1"]
[White "Jain Singhai,N"]
[Black "Kravtsiv,M"]
[Result "1/2-1/2"]
[WhiteElo "2011"]
[BlackElo "2546"]
[EventDate "2010.05.22"]

1. Nf3 Nf6 2. g3 e6 3. d3 d5 4. Nbd2 Be7 5. Bg2 O-O 6. O-O b6 7. e4 Bb7 8.
e5 Nfd7 9. Re1 c5 10. Nf1 Nc6 11. h4 Re8 12. Bh3 a5 13. N1h2 a4 14. Bf4 c4
15. Ng5 cxd3 16. cxd3 Nf8 17. Qh5 g6 18. Qh6 Nd4 19. h5 Qd7 20. hxg6 fxg6
1/2-1/2

[Event "2nd SCS Open"]
[Site "Bhubaneswar IND"]
[Date "2010.05.22"]
[Round "1"]
[White "Krishna,U"]
[Black "Khusnutdinov,R"]
[Result "1/2-1/2"]
[WhiteElo "2002"]
[BlackElo "2525"]
[EventDate "2010.05.22"]

1. d4 Nf6 2. Nf3 e6 3. e3 b6 4. Bd3 Bb7 5. Nbd2 c5 6. c3 Nc6 7. O-O Be7 8.
Re1 d5 9. e4 dxe4 10. Nxe4 cxd4 11. cxd4 O-O 12. b3 Nb4 13. Nxf6+ Bxf6 14.
Be4 Bxe4 15. Rxe4 Qd5 16. Re2 Rfd8 17. Rd2 Rac8 18. Bb2 Qf5 19. a3 Nd5 20.
Rc1 Bg5 21. Rxc8 Rxc8 22. Re2 Bc1 23. Bxc1 Nc3 24. Rc2 e5 25. Rxc3 Rxc3 26.
Bd2 Rd3 27. Qc2 Rxf3 28. Qc7 Qb1+ 29. Bc1 h6 30. gxf3 1/2-1/2

[Event "2nd SCS Open"]
[Site "Bhubaneswar IND"]
[Date "2010.05.22"]
[Round "1"]
[White "Ismagambetov,An"]
[Black "Sanjit,S"]
[Result "1-0"]
[WhiteElo "2524"]
[BlackElo "2000"]
[EventDate "2010.05.22"]

1. e4 e5 2. Nf3 Nf6 3. Nc3 Nc6 4. Bb5 Bc5 5. O-O d6 6. d4 exd4 7. Nxd4 Bd7
8. Bxc6 bxc6 9. Bg5 h6 10. Bh4 g5 11. Bg3 Rb8 12. Nb3 Bg4 13. Qe1 Nd7 14.
Nxc5 Nxc5 15. b3 Ne6 16. Qe3 a5 17. f4 gxf4 18. Bxf4 Nxf4 19. Rxf4 Be6 20.
Nd5 cxd5 21. exd5 Qg5 22. dxe6 f5 23. Raf1 Rg8 24. g3 Rb4 25. c4 Rb6 26.
Qf3 Rf8 27. Qd5 1-0

[Event "2nd SCS Open"]
[Site "Bhubaneswar IND"]
[Date "2010.05.22"]
[Round "1"]
[White "Srivastav,J"]
[Black "Simonian,H"]
[Result "0-1"]
[WhiteElo "1995"]
[BlackElo "2521"]
[EventDate "2010.05.22"]

1. e4 c5 2. Nf3 e6 3. d4 cxd4 4. Nxd4 a6 5. c4 Nf6 6. Nc3 Qc7 7. Be3 Bb4 8.
f3 O-O 9. g4 d5 10. g5 Nh5 11. Qb3 Bxc3+ 12. bxc3 dxe4 13. fxe4 Nd7 14.
O-O-O Nc5 15. Qc2 b6 16. Nb3 Bb7 17. Nxc5 bxc5 18. Bg2 Nf4 19. Rhe1 Nxg2
20. Qxg2 Qe5 21. Bd2 Bc6 22. Qf3 Qc7 23. Kb2 Ba4 24. Rb1 Rfd8 25. Bf4 e5
26. Bg3 Rd2+ 27. Ka1 Qa5 28. Rb2 Rxb2 29. Kxb2 Rb8+ 30. Ka1 Bb3 31. Qe2
Bxa2 0-1

[Event "2nd SCS Open"]
[Site "Bhubaneswar IND"]
[Date "2010.05.22"]
[Round "1"]
[White "Sundararajan,K"]
[Black "Mohammad,As"]
[Result "1-0"]
[WhiteElo "2520"]
[BlackElo "1987"]
[EventDate "2010.05.22"]

1. d4 Nf6 2. Nf3 g6 3. g3 Bg7 4. c4 O-O 5. Bg2 d6 6. O-O Nbd7 7. Nc3 e5 8.
e4 c6 9. h3 Qc7 10. Be3 a6 11. Rc1 b6 12. Qc2 Bb7 13. dxe5 dxe5 14. Rfd1
Rfd8 15. b4 Nf8 16. Na4 N6d7 17. Qb3 Ne6 18. Rxd7 Rxd7 19. Nxb6 Rad8 20.
Nxd7 Rxd7 21. c5 Qd8 22. Bf1 Bf6 23. Bc4 Kg7 24. Kg2 Bc8 25. Qb2 Rd1 26.
Rxd1 Qxd1 27. Qd2 Qxd2 28. Bxd2 Nf8 29. Bc3 Nd7 30. h4 h6 31. Nd2 g5 32.
hxg5 hxg5 33. Bb3 Bd8 34. Nc4 Bc7 35. Bd1 Kf8 36. Bg4 f6 37. Ne3 Ke7 38.
Nf5+ Kf7 39. Kf3 Bb7 40. Nh6+ Ke7 41. Ng8+ Kf7 42. Bxd7 Kxg8 43. Kg4 Kf7
44. a4 Ke7 45. Bf5 Kf7 46. Kh5 Bd8 47. Kh6 Be7 48. a5 Bf8+ 49. Kh7 Be7 50.
Bd2 Bd8 51. Bg6+ Kf8 52. Bf5 Kf7 53. Bd7 Ke7 54. Bg4 Kf7 55. f3 Be7 56.
Bh5+ Kf8 57. f4 gxf4 58. gxf4 Bd8 59. fxe5 fxe5 60. Bh6+ Ke7 61. Bg5+ Kd7
62. Bg4+ Ke8 63. Bxd8 Kxd8 64. Kg7 Ke7 65. Kg6 1-0

[Event "2nd SCS Open"]
[Site "Bhubaneswar IND"]
[Date "2010.05.22"]
[Round "1"]
[White "Iuldachev,S"]
[Black "Rakesh,Ku2"]
[Result "1/2-1/2"]
[WhiteElo "2511"]
[BlackElo "1970"]
[EventDate "2010.05.22"]

1. e4 e5 2. Nf3 Nc6 3. Bb5 a6 4. Bxc6 dxc6 5. O-O Bg4 6. h3 a5 7. d3 Qf6 8.
Be3 Bxf3 9. Qxf3 Qxf3 10. gxf3 Bd6 11. Nd2 Ne7 12. Rfb1 h5 13. a4 Ng6 14.
Kf1 Ke7 15. Nc4 b5 16. axb5 cxb5 17. Nxa5 Ra6 18. Nb3 Rha8 19. Rxa6 Rxa6
20. Ra1 Ra4 21. Ke2 Kd7 22. c3 Rxa1 23. Nxa1 c5 24. Nb3 Kc6 25. Kd1 f6 26.
Nd2 Nf8 27. Nf1 Ne6 28. Ng3 g6 29. Ne2 g5 30. Ng3 Ng7 31. b3 h4 32. Nf5
Nxf5 33. exf5 b4 34. c4 Bf8 35. Ke2 Bh6 36. Bd2 Bf8 37. Bc1 Be7 38. Ke3 Kd6
39. Ke4 Bf8 1/2-1/2

[Event "2nd SCS Open"]
[Site "Bhubaneswar IND"]
[Date "2010.05.22"]
[Round "1"]
[White "Roshan,R"]
[Black "Adhiban,B"]
[Result "0-1"]
[WhiteElo "1968"]
[BlackElo "2510"]
[EventDate "2010.05.22"]

1. e4 c5 2. Ne2 Nc6 3. d4 cxd4 4. Nxd4 Nf6 5. Nc3 d6 6. Bc4 e6 7. O-O Be7
8. Be3 O-O 9. f4 d5 10. exd5 exd5 11. Be2 Bc5 12. Kh1 Bxd4 13. Bxd4 Bf5 14.
Bxf6 Qxf6 15. Bf3 Rad8 16. Nxd5 Qxb2 17. Qb1 Qxb1 18. Raxb1 b6 19. Ne3 Nd4
20. Nxf5 Nxf5 21. Be4 Ne3 22. Rf3 Nc4 23. Rd3 Nd2 24. Rd1 Nxe4 25. Rxd8
Nf2+ 26. Kg1 Nxd1 27. Rxd1 Rc8 28. Rd7 a5 29. c4 f5 30. Rd4 Kf8 31. Kf2 Ke7
32. Ke3 Rc6 33. g3 Rh6 34. Rd2 Re6+ 35. Kd3 Kd6 36. Kc3+ Kc6 37. Rd5 g6 38.
Rd2 Re3+ 39. Rd3 Re1 40. Rd2 Re4 41. Rb2 h5 42. Rd2 h4 43. Rd4 Re1 44. Rd2
h3 45. Rb2 Rg1 46. Rd2 a4 47. a3 Rg2 48. Rb2 Kb7 49. Rd2 Kc7 50. Rb2 Kc6
51. Rd2 b5 52. cxb5+ Kxb5 53. Rd5+ Kc6 54. Rd2 Kc5 55. Rd8 Rxh2 56. Rh8 Rh1
0-1

[Event "2nd SCS Open"]
[Site "Bhubaneswar IND"]
[Date "2010.05.22"]
[Round "1"]
[White "Jaydeep,S"]
[Black "Kasparov,S"]
[Result "0-1"]
[WhiteElo "1933"]
[BlackElo "2504"]
[EventDate "2010.05.22"]

1. e4 d5 2. Nc3 dxe4 3. Nxe4 Nd7 4. d4 Ngf6 5. Ng3 e6 6. Nf3 c5 7. Be2 b6
8. O-O Bb7 9. c3 Be7 10. h3 O-O 11. Be3 Nd5 12. Rc1 Nxe3 13. fxe3 Bg5 14.
Qd3 Bh6 15. Rcd1 Qe7 16. e4 cxd4 17. cxd4 Rad8 18. Nh2 g6 19. d5 Qc5+ 20.
Kh1 Ne5 21. Qb1 exd5 22. exd5 Bxd5 23. Ng4 Nxg4 24. Bxg4 Bg7 25. b3 Be5 26.
Ne2 Qe3 27. Rde1 Bb8 28. Qc1 Qxc1 29. Nxc1 Rfe8 30. Ne2 f5 31. Bf3 Bxf3 32.
gxf3 Rd2 33. Nc3 Rc8 34. Re2 Rxe2 35. Nxe2 Be5 36. Rc1 Rxc1+ 37. Nxc1 Kf7
38. Kg2 Ke6 39. Kf2 Kd5 40. Ke3 g5 41. Kd3 h5 42. Ne2 a6 43. Ke3 b5 44. Kd3
Kc5 45. a3 Kd5 46. a4 bxa4 47. bxa4 Kc5 48. Nc1 Kb4 49. Ne2 a5 50. Nc1 h4
51. Ne2 g4 52. fxg4 fxg4 0-1

[Event "2nd SCS Open"]
[Site "Bhubaneswar IND"]
[Date "2010.05.22"]
[Round "1"]
[White "Vokarev,S"]
[Black "Bhandarkar,D"]
[Result "1-0"]
[WhiteElo "2501"]
[BlackElo "1931"]
[EventDate "2010.05.22"]

1. e4 e5 2. Nf3 Nc6 3. Nc3 Nf6 4. d4 exd4 5. Nxd4 Bb4 6. Nxc6 bxc6 7. Bd3
d5 8. exd5 cxd5 9. O-O O-O 10. Bg5 Be6 11. Nb5 Be7 12. Bf4 c5 13. Nc7 Rc8
14. Nxe6 fxe6 15. Qe2 Rc6 16. c4 Nd7 17. Bg3 Bf6 18. cxd5 exd5 19. Qh5 1-0

[Event "2nd SCS Open"]
[Site "Bhubaneswar IND"]
[Date "2010.05.22"]
[Round "2"]
[White "Turov,M"]
[Black "Padmini,R"]
[Result "1-0"]
[WhiteElo "2624"]
[BlackElo "2319"]
[EventDate "2010.05.22"]

1. d4 Nf6 2. c4 g6 3. Nc3 d5 4. cxd5 Nxd5 5. Bd2 Bg7 6. e4 Nb6 7. Be3 O-O
8. h3 Nc6 9. Nf3 f5 10. Qb3+ e6 11. exf5 gxf5 12. Rd1 Nd5 13. Nxd5 exd5 14.
g3 b6 15. Bg2 Na5 16. Qc3 Nc4 17. Bg5 Qe8+ 18. Ne5 c6 19. f4 Bb7 20. O-O
Nd6 21. Qa3 Qe6 22. g4 Ne4 23. Qe7 Qxe7 24. Bxe7 Rfe8 25. Bh4 Nd6 26. Rf2
Rac8 27. Rc2 Bh6 28. Nxc6 Bxf4 29. Bxd5+ Kg7 30. Kg2 fxg4 31. Rf1 Nf5 32.
Rxf4 Ne3+ 33. Kg3 Nxd5 34. Rxg4+ Kh6 35. Bg5+ Kg7 36. Ne5 h5 37. Rxc8 Rxc8
38. Re4 Rc2 39. Re1 Rxb2 40. Rf1 Ba6 41. Rf7+ Kg8 42. Bh6 Rb5 43. Rg7+ 1-0

[Event "2nd SCS Open"]
[Site "Bhubaneswar IND"]
[Date "2010.05.22"]
[Round "2"]
[White "Aleksandrov,A"]
[Black "Abu Sufian,S"]
[Result "1-0"]
[WhiteElo "2604"]
[BlackElo "2305"]
[EventDate "2010.05.22"]

1. d4 d5 2. c4 e5 3. dxe5 d4 4. Nf3 Nc6 5. g3 Be6 6. Nbd2 Qd7 7. a3 Nge7 8.
Ng5 Nxe5 9. Bg2 N7c6 10. Nxe6 Qxe6 11. O-O O-O-O 12. b4 Nxc4 13. Nxc4 Qxc4
14. Bf4 Bd6 15. Rc1 Qe6 16. Qa4 Bxf4 17. gxf4 d3 18. exd3 Rd6 19. b5 Nd4
20. Qxa7 Ne2+ 21. Kh1 Nxc1 22. Rxc1 Kd7 23. Bxb7 Rd8 24. Be4 f5 25. Rxc7+
Ke8 26. Bc6+ Kf8 27. Rxg7 Qf6 28. Rg3 Rxc6 29. bxc6 Qxc6+ 30. Kg1 Qc1+ 31.
Kg2 Qc6+ 32. f3 1-0

[Event "2nd SCS Open"]
[Site "Bhubaneswar IND"]
[Date "2010.05.22"]
[Round "2"]
[White "Minhazuddin,A"]
[Black "Maletin,P"]
[Result "1/2-1/2"]
[WhiteElo "2304"]
[BlackElo "2584"]
[EventDate "2010.05.22"]

1. e4 c6 2. d4 d5 3. exd5 cxd5 4. c4 Nf6 5. Nc3 e6 6. Nf3 Bb4 7. Bd3 O-O 8.
O-O dxc4 9. Bxc4 b6 10. Bg5 Bb7 11. Ne5 Be7 12. Re1 Nbd7 13. Nxf7 Rxf7 14.
Bxe6 Nf8 15. Bxf7+ Kxf7 16. Qb3+ Kg6 17. h4 Qd7 18. Qc2+ Kf7 19. Qb3+ Kg6
1/2-1/2

[Event "2nd SCS Open"]
[Site "Bhubaneswar IND"]
[Date "2010.05.22"]
[Round "2"]
[White "Fier,A"]
[Black "Akshat,Kh"]
[Result "1/2-1/2"]
[WhiteElo "2581"]
[BlackElo "2292"]
[EventDate "2010.05.22"]

1. e4 c5 2. Nf3 d6 3. d4 cxd4 4. Nxd4 Nf6 5. Nc3 a6 6. Be3 e6 7. Be2 Be7 8.
a4 Nc6 9. O-O O-O 10. f4 Qc7 11. Kh1 Re8 12. Bf3 Rb8 13. g4 Nxd4 14. Bxd4
b6 15. g5 Nd7 16. Bg2 Bb7 17. Qh5 g6 18. Qh3 Bf8 19. f5 Ne5 20. Rf4 Qd8 21.
f6 Nc6 22. Be3 e5 23. Rf2 Nb4 24. Rd1 Rc8 25. Qg3 Rc4 26. Rfd2 b5 27. axb5
axb5 28. Nxb5 Rxc2 29. Qf2 Rc6 30. Bc5 Rxc5 31. Qxc5 Qa5 32. Qc4 Ba6 33.
Bf1 Rc8 1/2-1/2

[Event "2nd SCS Open"]
[Site "Bhubaneswar IND"]
[Date "2010.05.22"]
[Round "2"]
[White "Joshi,GB"]
[Black "Hera,I"]
[Result "0-1"]
[WhiteElo "2293"]
[BlackElo "2558"]
[EventDate "2010.05.22"]

1. e4 c6 2. d4 d5 3. exd5 cxd5 4. c4 Nf6 5. Nc3 e6 6. Nf3 Bb4 7. cxd5 Nxd5
8. Qc2 Nc6 9. a3 Bd6 10. Bd3 h6 11. O-O O-O 12. Rd1 Nce7 13. Qe2 Bd7 14.
Ne5 Bxe5 15. dxe5 Nxc3 16. bxc3 Qc7 17. c4 Ba4 18. Re1 Rfd8 19. Qf3 Rd7 20.
Bf4 Rad8 21. Re3 Bc6 22. Qg3 g5 23. Bxg5 hxg5 24. Qxg5+ Ng6 25. Bxg6 fxg6
26. Qxg6+ Rg7 27. Qxe6+ Qf7 28. Qxf7+ Kxf7 29. g3 Ke6 30. f4 Rd2 31. Rae1
Rg2+ 32. Kf1 Rxh2 33. R1e2 Rh1+ 34. Kf2 Rd1 35. Re1 Rd4 36. Rc3 Rh7 37. Re2
Rh2+ 38. Ke1 Rh1+ 39. Kf2 Rdd1 40. g4 Rh2+ 0-1

[Event "2nd SCS Open"]
[Site "Bhubaneswar IND"]
[Date "2010.05.22"]
[Round "2"]
[White "Kiran,M"]
[Black "Luther,T"]
[Result "1/2-1/2"]
[WhiteElo "2291"]
[BlackElo "2541"]
[EventDate "2010.05.22"]

1. e4 e6 2. d4 d5 3. Nc3 Nf6 4. e5 Nfd7 5. f4 c5 6. Nf3 Nc6 7. Be3 Be7 8.
Qd2 O-O 9. Be2 f6 10. exf6 Nxf6 11. dxc5 Ng4 12. Bg1 Qa5 13. Nb5 Qd8 14.
O-O-O Nf6 15. Nc3 b6 16. Bb5 Na5 17. c6 a6 18. Bd3 Nxc6 19. Qe2 Qc7 20. g3
Bb4 21. Na4 Ba5 22. a3 Bd7 23. b4 Bxb4 24. axb4 Nxb4 25. Nxb6 Na2+ 26. Kb2
Nc3 27. Qe5 Nxd1+ 28. Kc1 Qc6 29. Bd4 Nc3 30. Nxa8 Rxa8 31. Bxc3 1/2-1/2

[Event "2nd SCS Open"]
[Site "Bhubaneswar IND"]
[Date "2010.05.22"]
[Round "2"]
[White "Simonian,H"]
[Black "Soumya,Sw"]
[Result "1/2-1/2"]
[WhiteElo "2521"]
[BlackElo "2288"]
[EventDate "2010.05.22"]

1. e4 c6 2. d4 d5 3. Nc3 dxe4 4. Nxe4 Bf5 5. Ng3 Bg6 6. h4 h6 7. Nf3 Nd7 8.
h5 Bh7 9. Bd3 Bxd3 10. Qxd3 e6 11. Bd2 Ngf6 12. O-O-O Be7 13. Qe2 c5 14.
Rhe1 O-O 15. Nf5 cxd4 16. Nxe7+ Qxe7 17. Nxd4 Nc5 18. g4 Rfd8 19. Be3 Nd5
20. Rg1 Ne4 21. Bd2 Nxd2 22. Rxd2 Rac8 23. Qe5 Qc7 24. Qxc7 Rxc7 25. Ne2
Rdc8 26. c3 b5 27. Kb1 Rc4 28. Rd4 Kf8 29. Rgd1 Ke7 30. Rxc4 Rxc4 31. Rd4
Rxd4 32. Nxd4 a6 33. Kc2 g6 34. hxg6 fxg6 35. Nf3 Kd6 36. Kd3 g5 37. Kd4
Nf4 38. Ne5 Nh3 39. Nd3 Ng1 40. Ke3 a5 41. Ke4 Ne2 42. Kf3 Ng1+ 43. Kg2 Ne2
44. Kf1 Nf4 45. Nxf4 gxf4 46. Ke2 Kd5 47. Kd3 Ke5 48. f3 Kd5 49. b3 a4 50.
c4+ bxc4+ 51. bxc4+ Kc5 52. Ke4 Kxc4 53. Kxf4 Kc3 54. Ke4 Kb2 55. f4 Kxa2
56. f5 exf5+ 57. gxf5 Kb3 58. f6 a3 59. f7 a2 60. f8=Q a1=Q 1/2-1/2

[Event "2nd SCS Open"]
[Site "Bhubaneswar IND"]
[Date "2010.05.22"]
[Round "2"]
[White "Shetty,R"]
[Black "Sundararajan,K"]
[Result "0-1"]
[WhiteElo "2286"]
[BlackElo "2520"]
[EventDate "2010.05.22"]

1. d4 d5 2. c4 e6 3. Nf3 Nf6 4. g3 Bb4+ 5. Bd2 Be7 6. Bg2 O-O 7. O-O c6 8.
Qc2 Nbd7 9. Bf4 b6 10. cxd5 cxd5 11. Bc7 Qe8 12. Nc3 Ba6 13. Qa4 Nb8 14.
Qd1 Nc6 15. Bf4 Rc8 16. Rc1 Ne4 17. Nxe4 dxe4 18. Ng5 e5 19. dxe5 Bxg5 20.
Bxg5 Qxe5 21. Bf4 Qxb2 22. Qa4 Bxe2 23. Rfe1 Qd4 24. Qa3 Bf3 25. Bxf3 exf3
26. Qxf3 Qf6 27. Qg4 h6 28. Red1 Rcd8 29. Rd7 Rxd7 30. Qxd7 Nd4 0-1

[Event "2nd SCS Open"]
[Site "Bhubaneswar IND"]
[Date "2010.05.22"]
[Round "2"]
[White "Ovetchkin,R"]
[Black "Shreyansh,D"]
[Result "1/2-1/2"]
[WhiteElo "2519"]
[BlackElo "2287"]
[EventDate "2010.05.22"]

1. e4 c6 2. d4 d5 3. e5 Bf5 4. g4 Be4 5. f3 Bg6 6. f4 e6 7. Nf3 h5 8. f5
exf5 9. gxf5 Bxf5 10. Bd3 Bh3 11. Qe2 Be7 12. Be3 Na6 13. Rg1 g6 14. c3 Nc7
15. Nbd2 Nh6 16. Bxh6 Rxh6 17. O-O-O Ne6 18. Qe3 Rh8 19. Rg3 Bg4 20. h3 Bf5
21. Bxf5 gxf5 22. Rdg1 Kd7 23. Qd3 f4 24. R3g2 Qa5 25. Kb1 Raf8 26. Qf5 Ke8
27. Nb3 Qd8 28. Nc1 Qd7 29. Nd3 Nd8 30. Qxd7+ Kxd7 31. Nxf4 Ne6 32. Nd3 Rh6
33. Kc2 Rg6 34. Kd2 Rfg8 35. Rxg6 Rxg6 36. Ke2 Rxg1 37. Nxg1 b6 38. Nf3 c5
1/2-1/2

[Event "2nd SCS Open"]
[Site "Bhubaneswar IND"]
[Date "2010.05.22"]
[Round "2"]
[White "Adhiban,B"]
[Black "Singh,DP"]
[Result "1-0"]
[WhiteElo "2510"]
[BlackElo "2286"]
[EventDate "2010.05.22"]

1. e4 b6 2. d4 Bb7 3. Nc3 e6 4. Bd3 g6 5. f4 f5 6. Nf3 Bb4 7. e5 Nh6 8. O-O
O-O 9. Ne2 Be7 10. Bc4 c6 11. Bb3 b5 12. a4 a6 13. h3 c5 14. Be3 c4 15. Ba2
Qc8 16. b3 c3 17. b4 Bxb4 18. d5 Nf7 19. Qd4 Ba5 20. Rab1 exd5 21. Bxd5
Bxd5 22. Qxd5 Nc6 23. Bc5 Re8 24. axb5 axb5 25. Rxb5 Kg7 26. Ned4 Ra6 27.
Rd1 Bd8 28. Nb3 Nb8 29. Rxb8 Qxb8 30. Qxd7 Qc7 31. Qxe8 1-0